书目信息 |
| 题名: |
米莫·约蒂塞
|
|
| 作者: | 约蒂塞 , 佩迪奇尼 著 ;王沫沫 , 刘芳志 , 杭海宁 译 | |
| 分册: | ||
| 出版信息: | 北京 北京美术摄影出版社 2016 |
|
| 页数: | 192页 | |
| 开本: | 21cm | |
| 丛书名: | ||
| 单 册: | ||
| 中图分类: | J431(546) | |
| 科图分类: | ||
| 主题词: | 摄影集--意大利--现代 | |
| 电子资源: | ||
| ISBN: | 978-7-80501-843-0 | |
| 000 | 01039nam0 2200289 450 | |
| 001 | 6019 | |
| 005 | 20180530104738.04 | |
| 010 | @a978-7-80501-843-0@dCNY59.00 | |
| 100 | @a20160411d2016 em y0chiy50 ea | |
| 101 | 1 | @achi@cita |
| 102 | @aCN@b110000 | |
| 105 | @aa z 000yy | |
| 200 | 1 | @a米莫·约蒂塞@9mi mo · yue di sai@b专著@e魔幻暗房@f(意)米莫·约蒂塞,(意)伊莎贝拉·佩迪奇尼著@g王沫沫,刘芳志,杭海宁译 |
| 210 | @a北京@c北京美术摄影出版社@d2016 | |
| 215 | @a192页@c照片@d21cm | |
| 300 | @a镜头背后 | |
| 330 | @a本书集中展现了约蒂塞的代表作品,并配有作者撰写的图片描述。内容包括:语言、人物、寂静、谜、透视、回声六个部分。 | |
| 517 | 1 | @a魔幻暗房@9mo huan an fang |
| 606 | 0 | @a摄影集@y意大利@z现代 |
| 690 | @aJ431(546)@v5 | |
| 701 | 0 | @c(意)@a约蒂塞@9yue di sai@c(Jodice, Mimmo)@4著 |
| 701 | 0 | @c(意)@a佩迪奇尼@9pei di qi ni@4著 |
| 702 | 0 | @a王沫沫@9wang mo mo@4译 |
| 702 | 0 | @a刘芳志@9liu fang zhi@4译 |
| 702 | 0 | @a杭海宁@9hang hai ning@4译 |
| 801 | 0 | @aCN@b91MARC@c20160516 |
| 905 | @aMuseLib@dJ431(546)@e376 | |
| 米莫·约蒂塞:魔幻暗房/(意)米莫·约蒂塞,(意)伊莎贝拉·佩迪奇尼著/王沫沫,刘芳志,杭海宁译.-北京:北京美术摄影出版社,2016 |
| 192页:照片;21cm |
| 镜头背后 |
| ISBN 978-7-80501-843-0:CNY59.00 |
| 本书集中展现了约蒂塞的代表作品,并配有作者撰写的图片描述。内容包括:语言、人物、寂静、谜、透视、回声六个部分。 |
| ● |
| 相关链接 |
|
|
|
|
正题名:米莫·约蒂塞
索取号:J431(546)/376
 
预约/预借
| 序号 | 登录号 | 条形码 | 馆藏地/架位号 | 状态 | 备注 |
| 1 | 1115751 | 211157512 | 第一样本阅览室/ [索取号:J431(546)/376] | 在馆 | |
| 2 | 1115752 | 211157521 | 教育系资料室/ [索取号:J431(546)/376] | 在馆 |